<?xml version="1.0" encoding="UTF-8"?>
<record
    xmlns:xsi="http://www.w3.org/2001/XMLSchema-instance"
    xsi:schemaLocation="http://www.loc.gov/MARC21/slim http://www.loc.gov/standards/marcxml/schema/MARC21slim.xsd"
    xmlns="http://www.loc.gov/MARC21/slim">

  <leader>01796nam a2200217 a 4500</leader>
  <controlfield tag="005">20180803165320.0</controlfield>
  <controlfield tag="008">140127b2005    ck ||||| |||| 00| 0 spa d</controlfield>
  <datafield tag="041" ind1=" " ind2=" ">
    <subfield code="a">spa</subfield>
  </datafield>
  <datafield tag="044" ind1=" " ind2=" ">
    <subfield code="a">ck</subfield>
  </datafield>
  <datafield tag="090" ind1=" " ind2=" ">
    <subfield code="a">IAVH</subfield>
    <subfield code="b">00689</subfield>
  </datafield>
  <datafield tag="100" ind1=" " ind2=" ">
    <subfield code="a">Garc&#xED;a Garc&#xED;a, Paola</subfield>
    <subfield code="9">4979</subfield>
  </datafield>
  <datafield tag="245" ind1=" " ind2=" ">
    <subfield code="a">Investigaci&#xF3;n socio-jur&#xED;dica en temas relacionados con biodiversidad, recursos gen&#xE9;ticos y conocimientos tradicionales</subfield>
  </datafield>
  <datafield tag="260" ind1=" " ind2=" ">
    <subfield code="a">Bogot&#xE1;</subfield>
    <subfield code="b">Instituto Alexander von Humboldt</subfield>
    <subfield code="c">2005</subfield>
  </datafield>
  <datafield tag="300" ind1=" " ind2=" ">
    <subfield code="a">151 p.</subfield>
  </datafield>
  <datafield tag="520" ind1=" " ind2=" ">
    <subfield code="a">Como resultado de este contrato se presentan los siguientes productos: Producto 1: Memorias de reuniones sobre socializaci&#xF3;n en materia de acceso a los recursos gen&#xE9;tico, productos derivados y conocimientos tradicionales. Producto 2: Comentarios a documentos de negociaciones internacionales relacionadas con recursos gen&#xE9;ticos y conocimientos tradicionales. Producto 3: Documentos de seguimiento y comentarios a proyectos de ley relacionados con biodiversidad que actualmente se han realizado ante en Congreso. Producto 4: Documento borrador de material de trabajo para comunidades negras para la protecci&#xF3;n del conocimiento tradicional. Producto 5: Propuesta metodol&#xF3;gica de planificaci&#xF3;n (diagn&#xF3;stico y formulaci&#xF3;n) en BD con los grupos ind&#xED;genas en el marco del Plan de Acci&#xF3;n Regional de la Amazon&#xED;a. Producto 6: Documento de avance sobre diagn&#xF3;stico y formulaci&#xF3;n de grupos ind&#xED;genas en el marco del Plan de Acci&#xF3;n, a partir de la propuesta metodol&#xF3;gica y con base en cuatro eventos sobre diagn&#xF3;stico y formulaci&#xF3;n. Producto 7: Actas de los cuatro eventos sobre diagn&#xF3;stico y formulaci&#xF3;n</subfield>
  </datafield>
  <datafield tag="650" ind1=" " ind2=" ">
    <subfield code="a">Investigaciones</subfield>
    <subfield code="9">1604</subfield>
  </datafield>
  <datafield tag="650" ind1=" " ind2=" ">
    <subfield code="a">Biodiversidad</subfield>
    <subfield code="9">92204</subfield>
  </datafield>
  <datafield tag="650" ind1=" " ind2=" ">
    <subfield code="a">Recursos gen&#xE9;ticos</subfield>
    <subfield code="9">3527</subfield>
  </datafield>
  <datafield tag="650" ind1=" " ind2=" ">
    <subfield code="a">Conocimiento tradicional</subfield>
    <subfield code="9">92244</subfield>
  </datafield>
  <datafield tag="942" ind1="0" ind2="0">
    <subfield code="0">4</subfield>
    <subfield code="2">z</subfield>
    <subfield code="c">CD-ROM</subfield>
  </datafield>
  <datafield tag="999" ind1=" " ind2=" ">
    <subfield code="c">5863</subfield>
    <subfield code="d">5863</subfield>
  </datafield>
  <datafield tag="952" ind1=" " ind2=" ">
    <subfield code="0">0</subfield>
    <subfield code="1">0</subfield>
    <subfield code="2">z</subfield>
    <subfield code="4">0</subfield>
    <subfield code="7">0</subfield>
    <subfield code="8">HUMBOLDT</subfield>
    <subfield code="a">Bogota</subfield>
    <subfield code="b">Bogota</subfield>
    <subfield code="d">2007-08-10</subfield>
    <subfield code="l">4</subfield>
    <subfield code="o">IAVH-00689</subfield>
    <subfield code="p">024819</subfield>
    <subfield code="r">2024-08-09 00:00:00</subfield>
    <subfield code="s">2015-02-24</subfield>
    <subfield code="t">Ej. 1</subfield>
    <subfield code="w">2012-12-04</subfield>
    <subfield code="x">Dep&#xF3;sito Institucional</subfield>
    <subfield code="y">INFORME</subfield>
  </datafield>
</record>
